CSINet (Record no. 120573)

MARC details
000 -LEADER
fixed length control field 00853cam a2200181 4500
001 - CONTROL NUMBER
control field ##L136310
008 - FIXED-LENGTH DATA ELEMENTS--GENERAL INFORMATION
fixed length control field 070123n 000 0 eng u
035 ## - SYSTEM CONTROL NUMBER
System control number (Sirsi) u136310
041 0# - LANGUAGE CODE
Language code of text/sound track or separate title eng
110 2# - MAIN ENTRY--CORPORATE NAME
Corporate name or jurisdiction name as entry element Construction Specifications Institute
9 (RLIN) 5105
245 00 - TITLE STATEMENT
Title CSINet
Medium [electronic resource]
520 ## - SUMMARY, ETC.
Summary, etc. Website for this American association of specifiers, architects, engineers, contractors, building materials suppliers and others involved in commercial and institutional building design and construction. Website includes industry news and information on CSI standards and formats, "CSI Weekly" and the "Construction Specifier" magazine.
590 ## - LOCAL NOTE (RLIN)
Local note KA
651 #4 - SUBJECT ADDED ENTRY--GEOGRAPHIC NAME
Geographic name UNITED STATES
690 ## - LOCAL SUBJECT ADDED ENTRY--TOPICAL TERM (OCLC, RLIN)
Topical term or geographic name as entry element BUILT ENVIRONMENT-CONSTRUCTION DESIGN
856 40 - ELECTRONIC LOCATION AND ACCESS
Uniform Resource Identifier <a href="https://www.csinet.org">https://www.csinet.org</a>
Public note View the website free of charge at www.csinet.org...
942 ## - ADDED ENTRY ELEMENTS (KOHA)
Suppress in OPAC 0
Holdings
Withdrawn status Lost status Source of classification or shelving scheme Damaged status Not for loan Home library Current library Shelving location Date acquired Total Checkouts Full call number Barcode Date last seen Copy number Price effective from Koha item type
    Dewey Decimal Classification     Virtual Virtual Online 23/01/2007   WEB SITE 136310-2001 06/08/2019 1 06/08/2019 Online material